Catalog

Record Details

Catalog Search



Feels like falling : a novel  Cover Image Book Book

Feels like falling : a novel / Kristy Woodson Harvey.

Summary:

"It's summertime on the North Carolina coast and the livin' is easy. Unless, that is, you've just lost your mother to cancer, your sister to her extremist husband, and your husband to his executive assistant. Meet Gray Howard. Right when Gray could use a serious infusion of good karma in her life, she inadvertently gets a stranger, Diana Harrington, fired from her job at the local pharmacy. Diana Harrington's summer isn't off to the greatest start either: Hours before losing her job, she broke up with her boyfriend and moved out of their shared house with only a worn-out Impala for a bed. Lucky for her, Gray has an empty guest house and a very guilty conscience. With Gray's kindness, Diana's tide begins to turn. But when her first love returns, every secret from her past seems to resurface all at once. And, as Gray begins to blaze a new trail, she discovers, with Diana's help, that what she envisioned as her perfect life may not be what she wants at all."--Provided by publisher.

Record details

  • ISBN: 9781982117702
  • ISBN: 1982117702
  • Physical Description: 385 pages ; 21 cm
  • Edition: First Gallery Books trade paperback edition.
  • Publisher: New York, NY : Gallery Books, 2020.
Subject: Life change events > Fiction.
Self-realization in women > Fiction.
Interpersonal relations > Fiction.
Female friendship > Fiction.
North Carolina > Fiction.
Female friendship.
Interpersonal relations.
Life change events.
Self-realization in women.
North Carolina.
Friendship > Fiction.
Man-woman relationship > Fiction.
Life change events > Fiction.
Interpersonal relations > Fiction.
North Carolina > Fiction.
Genre: Domestic fiction.
Domestic fiction.
Fiction.
Domestic fiction.

Available copies

  • 1 of 1 copy available at scottsboropl.

Holds

  • 0 current holds with 1 total copy.
Show Only Available Copies
Location Call Number / Copy Notes Barcode Shelving Location Status Due Date
scottsboropl F Har 32269001169773 Adult - Fiction Available -

LDR 03389cam a22006138i 4500
001155798
003SBPL
00520210517185140.0
008190726s2020 nyu 000 f eng
010 . ‡a 2019032502
040 . ‡aDLC ‡beng ‡erda ‡cDLC ‡dIDY ‡dTVP ‡dNZAUC ‡dOCLCF ‡dYU6 ‡dOCLCO ‡dOCL ‡dOCLCO ‡dOCO ‡dTXSCH ‡dTOH ‡dOCLCO ‡dUOK ‡dOCLCA
020 . ‡a9781982117702 ‡q(paperback)
020 . ‡a1982117702 ‡q(paperback)
020 . ‡z9781982117719 ‡q(ebook)
035 . ‡a(OCoLC)1105940251
042 . ‡apcc
043 . ‡an-us-nc
05000. ‡aPS3623.O6785 ‡bF44 2020
08200. ‡a813/.6 ‡223
1001 . ‡aHarvey, Kristy Woodson, ‡eauthor.
24510. ‡aFeels like falling : ‡ba novel / ‡cKristy Woodson Harvey.
250 . ‡aFirst Gallery Books trade paperback edition.
264 1. ‡aNew York, NY : ‡bGallery Books, ‡c2020.
300 . ‡a385 pages ; ‡c21 cm
336 . ‡atext ‡btxt ‡2rdacontent
337 . ‡aunmediated ‡bn ‡2rdamedia
338 . ‡avolume ‡bnc ‡2rdacarrier
520 . ‡a"It's summertime on the North Carolina coast and the livin' is easy. Unless, that is, you've just lost your mother to cancer, your sister to her extremist husband, and your husband to his executive assistant. Meet Gray Howard. Right when Gray could use a serious infusion of good karma in her life, she inadvertently gets a stranger, Diana Harrington, fired from her job at the local pharmacy. Diana Harrington's summer isn't off to the greatest start either: Hours before losing her job, she broke up with her boyfriend and moved out of their shared house with only a worn-out Impala for a bed. Lucky for her, Gray has an empty guest house and a very guilty conscience. With Gray's kindness, Diana's tide begins to turn. But when her first love returns, every secret from her past seems to resurface all at once. And, as Gray begins to blaze a new trail, she discovers, with Diana's help, that what she envisioned as her perfect life may not be what she wants at all."--Provided by publisher.
650 0. ‡aLife change events ‡vFiction.
650 0. ‡aSelf-realization in women ‡vFiction.
650 0. ‡aInterpersonal relations ‡vFiction.
650 0. ‡aFemale friendship ‡vFiction.
651 0. ‡aNorth Carolina ‡vFiction.
650 7. ‡aFemale friendship. ‡2fast ‡0(OCoLC)fst00922609
650 7. ‡aInterpersonal relations. ‡2fast ‡0(OCoLC)fst00977397
650 7. ‡aLife change events. ‡2fast ‡0(OCoLC)fst00998231
650 7. ‡aSelf-realization in women. ‡2fast ‡0(OCoLC)fst01111914
651 7. ‡aNorth Carolina. ‡2fast ‡0(OCoLC)fst01204304
650 7. ‡aFriendship ‡vFiction. ‡2sears
650 7. ‡aMan-woman relationship ‡vFiction. ‡2sears
650 7. ‡aLife change events ‡vFiction. ‡2sears
650 7. ‡aInterpersonal relations ‡vFiction. ‡2sears
651 7. ‡aNorth Carolina ‡vFiction. ‡2sears
655 0. ‡aDomestic fiction.
655 7. ‡aDomestic fiction. ‡2fast ‡0(OCoLC)fst01726589
655 7. ‡aFiction. ‡2fast ‡0(OCoLC)fst01423787
655 7. ‡aDomestic fiction. ‡2lcgft
77608. ‡iOnline version: ‡aWoodson Harvey, Kristy, ‡tFeels like falling ‡bFirst Gallery Books trade paperback edition. ‡dNew York : Gallery Books, 2020. ‡z9781982117719 ‡w(DLC) 2019032503
938 . ‡aYBP Library Services ‡bYANK ‡n16310050
938 . ‡aBrodart ‡bBROD ‡n125120095
0291 . ‡aAU@ ‡b000067172036
0291 . ‡aAU@ ‡b000065849110
994 . ‡aZ0 ‡bMWL
948 . ‡hNO HOLDINGS IN MWL - 557 OTHER HOLDINGS
901 . ‡a155798 ‡b ‡c155798 ‡tbiblio

Additional Resources